000 00623nam a2200229Ia 4500
003 OSt
005 20220923225550.0
006 a|||||r|||| 00| 0
007 ta
008 Pun
024 _a271,348
037 _cTextual
040 _aARTS
_cARTS
_bPun
041 _2Pun
_aPun
082 _aNR44Q7w,N, 153M3
100 _aਸੰਧੂ, FਮFੇਰ ਸਿੰਘ
245 0 _aਸੁਰ ਦਜਿਆਓ੍ਵ ਪਾਰ ਦੇ
260 _c1983
650 _aਵਧੀਆ ਕਲਾ
_9156314
942 _hNR44Q7w,N, 153M3
_cTEXL
_2CC
999 _c379164
_d379164